000 00431nam a2200157Ia 4500
008 210210b2004 xxu||||| |||| 00| 0 eng d
020 _a81 230 1156 3
082 _a050.954 INDI
100 _aINDIA 2004.
245 _aINDIA 2004 a reference annual.
260 _aNew Delhi.
_bPublication Division Ministry of Information & Broadcasting
_c2004
300 _a963
650 _aIndia 2004
690 _aSerials
906 _a058830
999 _c106203
_d106203